000 00368 a2200157 4500
001 75502
020 _a8533903529
040 _cAnchieta - Colégio São Paulo
100 _aAlves,Afonso Telles
240 1 0 _aMinidicionário Rideel
_lpor
245 1 0 _aMinidicionário Rideel
300 _a359
362 0 _a0
650 4 _aObras enciclopédicas gerais
942 _cBK
999 _c75502
_d75502